[Event "BEL-ch U14"]
[Site "Blankenberge"]
[Date "2015.04.16"]
[Round "7"]
[White "Gyselinck, Max"]
[Black "Fivez, Stev"]
[Result "0-1"]
[WhiteElo "966"]
[BlackElo "1150"]
[PlyCount "80"]
[EventDate "2015.04.12"]
[EventType "swiss"]
[EventRounds "9"]
[EventCountry "BEL"]
[SourceTitle "CBM 166 Extra"]
[Source "ChessBase"]
[SourceDate "2015.06.18"]
[SourceVersion "1"]
[SourceVersionDate "2015.06.18"]
[SourceQuality "1"]

1. e4 e5 2. Nf3 Nc6 3. Nc3 Nf6 4. Bc4 Bc5 5. 0-0 0-0 6. d3 h6 7. Be3 Bb6 8. Qd2 Bxe3 9. fxe3 d6 10. d4 Bd7 11. Bd3 Re8 12. a3 a6 13. d5 Ne7 14. Qe1 c6 15. Bc4 cxd5 16. exd5 Rc8 17. Nd2 b5 18. Ba2 a5 19. Qg3 b4 20. Rxf6 bxc3 21. bxc3 Nf5 22. Rxf5 Bxf5 23. e4 Bg6 24. c4 Qb6+ 25. Qf2 Qxf2+ 26. Kxf2 Rb8 27. Bb3 Red8 28. Rb1 f6 29. g4 h5 30. h3 hxg4 31. hxg4 Be8 32. Kg3 a4 33. Ba2 Rxb1 34. Bxb1 Rb8 35. Kf3 Bd7 36. Kg3 Kf7 37. Kf3 Ke7 38. Kg3 Bc8 39. Kf3 Ba6 40. Ke3 Bxc4 0-1